| 000 | 00655nam a22002177a 4500 | ||
|---|---|---|---|
| 005 | 20170124105918.0 | ||
| 010 | _aA-604682 | ||
| 020 |
_a8185689024 _c120.00 |
||
| 035 | _aA-604682 | ||
| 037 | _bCen Lib/Ret | ||
| 040 |
_aDPL _bEN |
||
| 082 |
_a423.8 _bDOG |
||
| 100 |
_aDogra, Ramesh C. _9106807 |
||
| 245 |
_aA dictionary of hindu names / _cby Ramesh C. Dogra [and] Urmila Dogra |
||
| 260 |
_aNew Delhi _bAditya Prakashan _c1992 |
||
| 270 |
_bDelhi _aF-14/65, Model Town II _e110009 |
||
| 300 |
_a125p. _c21cm(Hb) |
||
| 650 |
_aHindu Names _vDictionary _9106808 |
||
| 700 |
_aDogra, Urmila _9106809 |
||
| 942 |
_2ddc _cEN _h423.8 _mDOG |
||
| 999 |
_c122962 _d122962 |
||